000
00255nam a2200097 4500
008
160625b xxu||||| |||| 00| 0 eng d
100
_9
1198
_a
Mallik, U
245
_a
Learing with Computer Level - 1
300
_a
Western Pub. Com.N.D NCERT
942
_2
ddc
_c
BK
999
_c
978
_d
978